Famous and Distinctive Sporting Trophies - Statistics

General Stats
  • This quiz has been taken 87 times
  • The average score is 8 of 24
Answer Stats
Picture Answer % Correct
FIFA World Cup
74%
Stanley Cup
60%
The Ashes
60%
Vince Lombardi Trophy
60%
English FA Cup
58%
Wimbledon Women's and Men's
56%
Ryder Cup
47%
Claret Jug
40%
UEFA Champions League
39%
Americas Cup
32%
Webb Ellis Cup
32%
FIFA Women's World Cup
31%
Jules Rimet Trophy
29%
German Bundesliga
26%
FIFA Club World Cup
23%
ICC World Cup
21%
24 Hours of Le Mans
19%
Copa del Rey
19%
Copa Libertadores
13%
Paris-Roubaix
8%
Provan-Summons Trophy
6%
UEFA Women's Champions League
6%
Coupe Suzanne Lenglen
5%
US Open Golf
5%
No matching quizzes found
Score Distribution
Percent of People with Each Score
Percentile by Number Answered
Your Score History
You have not taken this quiz